000 00645nam a22002057a 4500
005 20251108165219.0
008 250721s1996 xx 000 0 ara d
082 1 4 _a610.956/طول
100 1 _aإبن طولون، محمد بن علي بن أحمد بن ...
245 1 0 _aالمنهل الروي في الطب النبوي /
264 1 _aبيروت :
_bدار إبن زيدون،
_c1996.
300 _a294ص
650 1 7 _aالطب العربي
650 1 7 _aالطب الشعبي
650 1 7 _aالإسلام
650 1 7 _aالطب
700 1 _aالجعيد، زهير عثمان
_eتحقيق
942 _2ddc
_cBK
999 _c22285
_d22285